000 00307nam a2200133Ia 4500
005 20251222144644.0
008 251222s9999||||xx |||||||||||||| ||spa||
082 _a858.14/R96
100 _aRusso, Luigi
245 0 _aLetture critiche del Decameron
250 _a5a.ed.
264 _bLaterza
942 _cLIB
999 _c16809
_d16809